000 00695nam a2200277Ia 4500
005 20260324111613.0
008 008 260324s9999 xx 000 0 eng d
020 _a9781032711515
037 _aEBOOK
040 _aCRL
040 _beng
040 _cCRL
041 _2eng
041 _aeng
084 _qCRL
100 _aAnkita Sharma; Nayancy; Rajat Verma
_91139251
245 4 _aThe Confluence of Cryptography, Blockchain and Artificial Intelligence
260 _bTaylor and Francis
260 _c2025
365 _a
365 _b290
856 _uhttp://www.taylorfrancis.com/books/9781032711515
942 _cEBOOK
999 _c1728130
_d1728130